000 00386nam a2200169Ia 4500
001 22130
003 IN-NITTTR
005 20251114233250.0
008 251113s9999||||xx |||||||||||||| ||eng||
040 _beng
040 _cIN-NITTTR
041 _aeng
082 _a658.562 H97I
100 _aHutchins, David
245 0 _aIn pursuit of quality /
_cHutchins, David
942 _2ddc
_cBK
999 _c24759
_d24759